LEADER 01510nam0 2200325 i 450 001 SUN0133012 005 20210414100015.692 010 $d0.00 017 70$2N$a978-3-319-07103-9 100 $a20210401d2014 |0engc50 ba 101 $aeng 102 $aCH 105 $a|||| ||||| 200 1 $a*Integrated Devices for Quantum Information with Polarization Encoded Qubits$eDoctoral Thesis accepted by Sapienza Università di Roma, Italy$fLinda Sansoni 205 $aCham : Springer, 2014 210 $axii$d140 p.$cill. ; 24 cm 215 $aPubblicazione in formato elettronico 410 1$1001SUN0104193$12001 $a*Springer theses$erecognizing outstanding Ph.D. research$1210 $aBerlin$aHeidelberg$cSpringer. 606 $a81-XX$xQuantum theory [MSC 2020]$2MF$3SUNC019967 606 $a81V80$xQuantum optics [MSC 2020]$2MF$3SUNC023592 606 $a81P45$xQuantum information, communication, networks (quantum-theoretic aspects) [MSC 2020]$2MF$3SUNC030931 620 $aCH$dCham$3SUNL001889 700 1$aSansoni$b, Linda$3SUNV106814$0791855 712 $aSpringer$3SUNV000178$4650 801 $aIT$bSOL$c20210426$gRICA 856 4 $uhttp://doi.org/10.1007/978-3-319-07103-9 912 $aSUN0133012 950 $aUFFICIO DI BIBLIOTECA DEL DIPARTIMENTO DI MATEMATICA E FISICA$d08CONS e-book 2101 $e08eMF2101 20210401 996 $aIntegrated Devices for Quantum Information with Polarization Encoded Qubits$91770504 997 $aUNICAMPANIA LEADER 01718nam 2200589 450 001 9910460483503321 005 20200520144314.0 010 $a1-78371-157-4 010 $a1-78371-156-6 035 $a(CKB)3710000000354727 035 $a(EBL)3386794 035 $a(SSID)ssj0001550514 035 $a(PQKBManifestationID)16166076 035 $a(PQKBTitleCode)TC0001550514 035 $a(PQKBWorkID)14811042 035 $a(PQKB)11368948 035 $a(MiAaPQ)EBC3386794 035 $a(Au-PeEL)EBL3386794 035 $a(CaPaEBR)ebr11018352 035 $a(CaONFJC)MIL987453 035 $a(OCoLC)904547986 035 $a(EXLCZ)993710000000354727 100 $a20150216h20152015 uy 0 101 0 $aeng 135 $aur|n|---||||| 181 $ctxt 182 $cc 183 $acr 200 10$aBecoming Arab in London $eperformativity and the undoing of identity /$fRamy M.K. Aly 210 1$aLondon, England :$cPluto Press,$d2015. 210 4$d©2015 215 $a1 online resource (272 p.) 225 1 $aAnthropology, Culture and Society 300 $aDescription based upon print version of record. 311 $a0-7453-3358-3 311 $a0-7453-3359-1 320 $aIncludes bibliographical references and index. 410 0$aAnthropology, culture, and society. 606 $aCulture diffusion 606 $aArabs$zEngland$zLondon 608 $aElectronic books. 615 0$aCulture diffusion. 615 0$aArabs 676 $a301.21 700 $aAly$b Ramy M. K.$0901345 801 0$bMiAaPQ 801 1$bMiAaPQ 801 2$bMiAaPQ 906 $aBOOK 912 $a9910460483503321 996 $aBecoming Arab in London$92014712 997 $aUNINA LEADER 04575nas 2200961- 450 001 9910591162203321 005 20241014213015.0 011 $a2752-664X 035 $a(OCoLC)1274137257 035 $a(CKB)4520000000000748 035 $a(CONSER)--2024221933 035 $a(DE-599)ZDB3144544-5 035 $a(EXLCZ)994520000000000748 100 $a20211011a20219999 s-- - 101 0 $aeng 135 $aurcn||||||||| 181 $ctxt$2rdacontent 182 $cc$2rdamedia 183 $acr$2rdacarrier 200 00$aEnvironmental Research, Ecology $eERE 210 1$a[Bristol, U.K]. :$cInstitute of Physics and IOP Publishing,$d2021- 215 $a1 online resource $cillustrations 300 $aRefereed/Peer-reviewed 330 $aEnvironmental Research: Ecology is a multidisciplinary, open access journal devoted to addressing important global challenges at the interface of environmental science, large scale ecology, biodiversity and conservation in a way that bridges scientific progress and assessment with efforts relating to impacts of global change, resilience, mitigation and adaptation in the broadest sense. A specific goal of the journal is to provide a forum to promote dialogue between environmental scientists, ecologists, resource managers and policy makers. All research methodologies are encouraged comprehensively covering qualitative, quantitative, experimental, theoretical and applied approaches to the field. Particular topics of interest include (but are not limited to): Applied ecology and the management of biological resources (including wildlife and habitat management, land use and management, aquatic resources, restoration ecology); Theoretical ecology and modelling; Biodiversity and species abundance; Conservation (including planning and risk assessment); Animal ecology; Microbial ecology; Evolution ecology; Chemical and molecular ecology; Marine ecology; Behavioural ecology; Remote sensing and ecology; Ecosystems and biospheres as complex adaptive systems; Tools and computational methods to study ecological systems (including AI, informatics and Big Data); Ecology and society. 517 3 $aERE 531 $aERE 606 $aApplied ecology$vPeriodicals 606 $aEcology$xResearch$vPeriodicals 606 $aBiodiversity$xResearch$vPeriodicals 606 $aEnvironmental sciences$vPeriodicals 606 $aHuman ecology$xResearch$vPeriodicals 606 $aNature conservation$vPeriodicals 606 $aLandscape protection$vPeriodicals 606 $aEnvironmentally sensitive areas$vPeriodicals 606 $aÉcologie appliquée$vPériodiques 606 $aÉcologie$xRecherche$vPériodiques 606 $aBiodiversité$xRecherche$vPériodiques 606 $aSciences de l'environnement$vPériodiques 606 $aNature$xConservation$vPériodiques 606 $aPaysages$xProtection$vPériodiques 606 $aRégions écologiquement sensibles$vPériodiques 606 $aApplied ecology$2fast 606 $aBiodiversity$xResearch$2fast 606 $aEcology$xResearch$2fast 606 $aEnvironmental sciences$2fast 606 $aEnvironmentally sensitive areas$2fast 606 $aHuman ecology$xResearch$2fast 606 $aLandscape protection$2fast 606 $aNature conservation$2fast 608 $aPeriodical 608 $aperiodicals.$2aat 608 $aPeriodicals$2fast 608 $aPeriodicals.$2lcgft 608 $aPériodiques.$2rvmgf 615 0$aApplied ecology 615 0$aEcology$xResearch 615 0$aBiodiversity$xResearch 615 0$aEnvironmental sciences 615 0$aHuman ecology$xResearch 615 0$aNature conservation 615 0$aLandscape protection 615 0$aEnvironmentally sensitive areas 615 6$aÉcologie appliquée 615 6$aÉcologie$xRecherche 615 6$aBiodiversité$xRecherche 615 6$aSciences de l'environnement 615 6$aNature$xConservation 615 6$aPaysages$xProtection 615 6$aRégions écologiquement sensibles 615 7$aApplied ecology 615 7$aBiodiversity$xResearch 615 7$aEcology$xResearch 615 7$aEnvironmental sciences 615 7$aEnvironmentally sensitive areas 615 7$aHuman ecology$xResearch 615 7$aLandscape protection 615 7$aNature conservation 676 $a577 712 02$aInstitute of Physics (Great Britain) 906 $aJOURNAL 912 $a9910591162203321 996 $aEnvironmental Research, Ecology$94206099 997 $aUNINA